000
00322nam a2200133Ia 4500
005
20260326235446.0
008
260326s9999||||xx |||||||||||||| ||und||
100
_a
Ràfols, J.F.
245
0
_a
Techumbres y Artesonados Españoles /
_c
J.F. Ràfols
260
_b
Labor
300
_a
160 p.
650
_a
HISTORIA
942
_c
BK
999
_c
7601
_d
7601